000 00554nam a2200157 i 4500
001 47094
003 ES-MaACL
005 20230906161512.0
007 t|
008 030403q1945 sp ||||1| spa d
100 1 _aContreras Dueñas, Félix.
_940321
245 1 0 _aProtección sanitario-social del leproso /
_cpor Félix Contreras Dueñas.
260 _a[S.l.] :
_bOrden Hospitalaria y Soberana de San Lázaro de Jerusalén,
_c[ca. 1945] (
_eValencia :
_fImp. V. Taroncher)
300 _a35 p. :
_blám. ;
_c24 cm.
852 _aES-MaACL
_j1944-F-5
_bR.31650
999 _c47094
_d47094